[Event "83rd ch-FRA w"]
[Site "Pau FRA"]
[Date "2008.08.21"]
[Round "10"]
[White "Muller,Ann"]
[Black "Collas,S"]
[Result "0-1"]
[WhiteElo "2179"]
[BlackElo "2370"]
[EventDate "2008.08.11"]

1. e4 c5 2. Nf3 d6 3. d4 Nf6 4. Nc3 cxd4 5. Nxd4 Nc6 6. Be2 g6 7. O-O Bg7
8. Nb3 O-O 9. Re1 Be6 10. Bf1 d5 11. Nc5 d4 12. Nxe6 fxe6 13. Nb1 Ne5 14.
h3 Nh5 15. Bd3 Rc8 16. a4 a6 17. Rf1 Qd7 18. Ra3 Nxd3 19. cxd3 Rc7 20. a5
Be5 21. Bh6 Rfc8 22. Nd2 Bf4 23. Bxf4 Nxf4 24. Nc4 Rf8 25. Kh2 Qb5 26. Rb3
Qc5 27. g3 Nxd3 28. Rxd3 Qxc4 29. Rxd4 Qb5 30. b4 Rc4 31. Rxc4 Qxc4 32. Qb1
Rf3 33. Kg1 Rb3 34. Qd1 Qxb4 35. Qd8+ Kg7 36. e5 Qc5 37. Kh2 Rb2 38. Kg1 b5
39. Qb6 Qxe5 40. Qxa6 b4 41. Qb7 Qc5 42. a6 Ra2 43. h4 h5 44. Kg2 Qd6 45.
Rd1 Qc5 46. Rf1 b3 47. Qxb3 Qd5+ 48. Qf3 Ra3 49. Qxd5 exd5 50. Rb1 Rxa6 51.
Kf3 Ra3+ 52. Kf4 Kf6 53. Rb6+ e6 54. Rc6 Ra2 55. Ke3 Kf5 56. Rc8 Ra3+ 57.
Kd4 Ra4+ 58. Ke3 Ke5 59. Rg8 Ra3+ 60. Ke2 Kf6 61. Rf8+ Ke7 62. Rg8 Kf7 63.
Rd8 Ra6 64. Ke3 Ke7 65. Rg8 e5 66. Rb8 Ke6 67. Rf8 Ra3+ 68. Ke2 Ra2+ 69.
Ke3 d4+ 70. Ke4 Re2+ 71. Kd3 Ke7 72. Rf3 Re1 73. Kd2 Ra1 74. Rb3 Ke6 75.
Rb8 Ra2+ 76. Ke1 d3 77. Rd8 Re2+ 78. Kf1 e4 79. f3 Ke5 80. fxe4 Kxe4 81.
Rg8 Ke3 82. Rxg6 Rf2+ 83. Kg1 Rf5 84. Re6+ Kf3 85. Rd6 Ke2 86. Re6+ Kd1 87.
Rd6 d2 88. Rd8 Ke2 89. Re8+ Kd3 90. Rd8+ Ke3 91. Rd7 Ra5 92. Kg2 Ra4 0-1

[Event "83rd ch-FRA w"]
[Site "Pau FRA"]
[Date "2008.08.22"]
[Round "11"]
[White "Benmesbah,N"]
[Black "Delorme,L"]
[Result "0-1"]
[WhiteElo "2210"]
[BlackElo "2155"]
[EventDate "2008.08.11"]

1. e4 e5 2. Bc4 Nf6 3. d4 exd4 4. Nf3 Nc6 5. e5 d5 6. Bb5 Ne4 7. Nxd4 Bc5
8. Be3 Bd7 9. Bxc6 bxc6 10. O-O Qe7 11. f3 Nd6 12. Bf2 Nf5 13. Nc3 Bxd4 14.
Bxd4 Qb4 15. Ne2 Nxd4 16. Qxd4 Qxd4+ 17. Nxd4 c5 18. Nb3 c4 19. Nc5 Bf5 20.
Rf2 Rb8 21. c3 a5 22. Rd2 c6 23. g4 Bc8 24. a4 h5 25. h3 hxg4 26. hxg4 Kd8
27. Ne4 Ke7 28. Ng3 g6 29. Kg2 Bd7 30. Ne2 Ke6 0-1